00495nam a2200133Ia 4500008004100000100002000041245009600061245005400157260005300211260001300264300000800277650001500285856006100300170221s9999 xx 000 0 und d aHalil Sadrettin aMedia Systems, Politics and Press Freedom: Perspectives on Contemporary Russia and Nigeria  cHalil Sadrettin, Pelin Bayram, Lawrence Emeagwali bInternational Review of Management and Marketing cMay 2013 a2:2 xMarketing. uhttp://www.econjournals.com/index.php/irmm/issue/view/82